000 00532nam a2200181Ia 4500
003 GCL
008 140319s9999 xx 000 0 ara d
040 _aGCL /
_cGCL
082 0 4 _a237.7
_bم ك
100 1 _aملا على القارى
245 1 0 _aكتاب الاحاديث القدسية الاربعينية /
_cملا على القارى
260 _a[S.N] :
_bمكتبة الصحابة ،
_c1992
300 _a103 ص
490 _a
650 0 4 _aالحديث
650 0 4 _aالاربعون حديثا
942 _2ddc
_cBK
999 _c55139
_d55139